|
|
|
|
| LEADER |
01506nam a22003252a 4500 |
| 001 |
000258433 |
| 003 |
CZ BrMZK |
| 005 |
20100625073000.0 |
| 007 |
ta |
| 008 |
010907s1985 xr a f cze d |
| 015 |
|
|
|a cnb000025042
|
| 035 |
|
|
|a (OCoLC)39591027
|
| 040 |
|
|
|a BOA001
|b cze
|
| 100 |
1 |
|
|a Forst, Vladimír,
|d 1921-2010
|7 jk01031611
|
| 245 |
1 |
0 |
|a Literatura pro 1. ročník středních škol :
|b (přehled vývoje a směrů) /
|c Vladimír Forst
|
| 250 |
|
|
|a 2. vyd.
|
| 260 |
|
|
|a Praha :
|b SPN,
|c 1985
|
| 300 |
|
|
|a 186 s., il. příl.
|
| 490 |
1 |
|
|a Učebnice pro střední školy
|
| 830 |
|
0 |
|a Učebnice pro střední školy (Státní pedagogické nakladatelství)
|0 s
|
| 856 |
4 |
1 |
|u http://www.digitalniknihovna.cz/mzk/uuid/uuid:12e8a280-9f76-11e3-a744-005056827e52
|y Digitalizovaný dokument
|x NDK
|
| 910 |
|
|
|a BOA001
|b PK-0098.149-85
|b 2-0876.513-85
|
| 920 |
|
|
|a 000275801
|
| 964 |
|
|
|a Literatura česká - dějiny - učebnice - školy odborné střední
|
| 964 |
|
|
|a Literatura česká - dějiny - učebnice - učiliště odborná střední
|
| 990 |
|
|
|a BK
|
| 996 |
7 |
|
|b 2619174887
|c 2-0876.513-85
|l MZK
|r Sklad / do 1 hodiny
|n 0
|w 000258433
|u 000040
|a 1
|e BOA001
|j MZK50
|s A
|
| 996 |
6 |
|
|b 2619318983
|c 2-0876.513-85
|l MZK
|r Sklad / do 1 hodiny
|n 1
|w 000258433
|u 000020
|a 1
|e BOA001
|j MZK50
|s P
|
| 996 |
7 |
|
|b 2619318984
|c 2-0876.513-85
|l MZK
|r Sklad / do 1 hodiny
|n 0
|w 000258433
|u 000030
|a 1
|e BOA001
|j MZK50
|s A
|
| 996 |
7 |
|
|b 3119961826
|c PK-0098.149-85
|l MZK
|r Sklad / do 1 hodiny
|n 1
|w 000258433
|u 000010
|a 1
|e BOA001
|j MZK50
|s A
|